000 00671nam a2200241Ia 4500
003 OSt
005 20221006145134.0
006 a|||||r|||| 00| 0
007 ta
008 221006b |||||||| |||| 00| 0 eng d
024 _a13,902
037 _cTextual
040 _aEASL
_cEASL
_beng
041 _2eng
_aeng
082 _aV73:19(zB).4313.N5, K3
100 _aBATOR Victor
_9116944
245 0 _aVietnam
_b Diplomatic tragedy origins of U.S. involvement
260 _aLondon
_bFaber and Faber
_c1963
300 _a253p.
_ccm.
490 _v Oth
942 _hV73:19(zB).4313.N5, K3
_cTEXL
_2CC
999 _c1081988
_d1081988